GTA V Main Story Missions - Statistics

General Stats
  • This quiz has been taken 343 times
  • The average score is 36 of 83
Answer Stats
Hint Answer % Correct
North Yankton, 9 years ago Prologue
94%
The first protagonist and his friend Franklin and Lamar
88%
Aw, such a cute dog... Does it bite? Chop
87%
Killing Vagos for a 3G note Bike Repossession
84%
You just got fired Complications
75%
Let's save our little Tracy from thoseporn actors, shall we? Daddy's Little Girl
75%
Chasing gangsters in the highway for a boat, thanks Jimmy Father/Son
74%
Our boy Stretch is back...Lamar don't screw it up please The Long Stretch
73%
Lester... Help? Friend Request
66%
She's cheating, with the TENNIS PRO? Marriage Counseling
62%
Don't be so nervous, Jakowski Nervous Ron
61%
We save Tracey once again... Fame or Shame
60%
Torture Mr.K, IT'S FUN! By the Book
57%
Buh-Bye O-Niels Crystal Maze
57%
DAVEEEEEEEEEEEEY, HOW YA DOIN'? Dead Man Walking
57%
It's a classic blitz play guys Blitz Play
56%
You've been left by your familyand got drugged by your son... What else? Did Somebody Say Yoga?
56%
We are going to LOS SANTOS Wade Friends Reunited
55%
Take a look at Vangelico Casing the Jewel Store
54%
The Meth-Head is here Mr. Philips
53%
You can't hustle an hustler! Hood Safari
51%
Scout a pretty strange ship in the middleof the docks Scouting the Port
51%
Hello Noose, your rifles please Carbine Rifles
50%
Why isn't the cliche achievement to geta Skull mask, a Moneky mask and an Hockey mask? Masks
50%
Lester needs you to kill a guy in an hotel The Hotel Assassination
50%
OUR BOY LAMAR NEEDS US!!! Lamar Down
49%
So we just stole 8 million dollars, killed hundredsof policemen, and we spend it on a Cargobob? COULDN'T YOU STEAL ONE FROM THE MILITARY AGAIN??????????? The Paleto Score
49%
Maybe Brad isn't in prison after all... Bury the Hatchet
48%
Time to infiltrate an agency buildingusing a VERY PROFESSIONAL CHOOPA Three's Company
48%
This is a six men's job Monkey Business
47%
Haines is dead, Stretch is too, Wei Cheng too.... andalso Devin? THIS IS THE BEST ENDING The Third Way
47%
Defending your meth industry isthe most important thing, YES? Trevor Philips Industries
45%
What a beautiful première... i hope Devin andMerryweather won't ruin it Meltdown
44%
Navy, Grey, Green... The choices thatRockstar allowed me seemed endless and clearly my choice could make or break the Heist -DarkViperAU 1/24/2020 Boiler Suits
43%
The start of the love-story betweenTrevor and Patricia Caida Libre
43%
Merryweather fleets here, bro! Derailed
43%
Rob a fancy yellow submarine! Minisub
43%
Rob a fancy yellow submarine!...Whoa.. Deja Vu Minisub
43%
After a long time, you family is back...Yey? Reuniting the Family
43%
We save our boi Michael from W E I C H A N GWEI CHANG, WEI CHANG! Fresh Meat
42%
I'M SOLOMON'S ASSISTANT Mr. Richards
42%
We are going to rob a chopper in a MILITARY BASE... I can see this go well Cargobob
41%
We did it boys, Floyd and Debra are no more Hang Ten
41%
Take a Crop-Duster, takeover a plane, getshot by jets, and possibly don't listen to chillhop songs while play this mission Minor Turbulence
41%
And Sanchez is dead, Trevor is back, worst dayfor Michael... The Wrap Up
41%
There are only 10 of these remember Eye in the Sky
40%
Oh boy, the first of the many Devin carsmissions I Fought the Law...
40%
So Long-Eh Rocco! The Ballad of Rocco
40%
You can find it in missions, but it's cooler finding it casually - Part 2 Tow Truck
40%
Why would ya kill Trevor, you judas? Something Sensible
38%
We are surveying the BIG ONE Surveying the Score
38%
911, yes i'll have a Firetruck Firetruck
37%
6 Cars, 3 Morons, and Cops... I CAN SEE THISGO WELL PART 2 Pack Man
37%
LET'S (Optionally) SAVE OURCHEATING WIFE The Good Husband
37%
We are doing this LOUD The Jewel Store Job Loud
37%
We need to be SMART on this Jewel Heist The Jewel Store Job Smart
36%
Let's finish those O'Niels this time Predator
35%
I have a bus, and i'll ram you with it The Bus Assassination
35%
You can find it in missions, but it's coolerfinding it casually Trash Truck
35%
The JB-700 looked cooler in Story Mode,I hate Online >:( Deep Inside
34%
Rob 3 gauntlets.... I won't go trough all the missions,just type "Gauntlets" please Gauntlets
34%
NOT YOUR BOI MICHAEL PLEASE! The Time's Come
33%
Take some Gas Grenades for this BZ Gas Grenades
32%
Sorry Moley, but the movie will come out Legal Trouble
32%
Grand Theft Auto a Bug Van Bugstars Equipment
31%
Lester needs you one last time and this timeyou need to go at the top of the under construction building... that's extreme maybe? The Construction Assassination
31%
Follow an architect, kill him and steal somepiece of paper Architect's Plans
30%
Crester needs you.. again, this timeyou have to kill 4 guys across LS... IN TEN MINUTES The Multi Target Assassination
30%
Follow that janitor! Cleaning Out the Bureau
29%
We need a driller... fortunately there is oneIN THE MIDDLE OF THE CITY Driller
29%
Kill some soldiers and steal some juggernautsuits, just another day in Sandy Shores Military Hardware
29%
The BIG ONE... subtle and boring, i hate this approach The Big Score Subtle
29%
We need money and we are in the desert...BANK AT PALETO IT IS Paleto Score Setup
27%
"The Noob Tube? HA"..... And also i think this is thebest approach, don't judge me The Big Score Obvious
27%
Jimmy, the internet is a bad place, you shouldknow that... and yeah this is (Optional) too Parenting 101
26%
Lester needs you again to kill a guy...GOING AT BOINKY IN THE ROAD? The Vice Assassination
26%
Oh wow, Tracy (Optionally) needs us... AGAIN Doting Dad
23%
Rob a fancy Police Van, what could go wrong? Stingers
22%
Or... Raid it from the roof.. It works i guess The Bureau Raid Roof Entry
18%
Rob a train and a wagon, and they say that it isimpossible to drive a train... Sidetracked
15%
Raid the FIB, and use that truck baby The Bureau Raid Fire Crew
15%
We rob it, IN THE SHIP The Merrywheater Heist Freighter
6%
Ok be smart... OFFSHORE IT IS THEN! The Merrywheater Heist Offshore
6%
No matching quizzes found
Score Distribution
Percent of People with Each Score
Percentile by Number Answered
Your Score History
You have not taken this quiz